Where in the U.S. is this city? - Statistics

General Stats
  • This quiz has been taken 53 times
  • The average score is 164 of 192
Answer Stats
Question Tile Select % Correct
Salt Lake City No
96%
Salt Lake City No
96%
Salt Lake City No
96%
Phoenix No
94%
Phoenix No
94%
Phoenix No
94%
Phoenix No
94%
Phoenix No
94%
Phoenix No
94%
Phoenix No
94%
Phoenix No
94%
Phoenix No
94%
Phoenix No
94%
Phoenix No
94%
Louisville No
94%
Louisville No
94%
Louisville No
94%
Louisville No
94%
Louisville No
94%
Louisville No
94%
Louisville No
94%
Louisville No
94%
Louisville No
94%
Louisville No
94%
San antonio No
94%
San antonio No
94%
San antonio No
94%
San antonio No
94%
San antonio No
94%
San antonio No
94%
San antonio No
94%
San antonio No
94%
San antonio No
94%
San antonio No
94%
San antonio No
94%
Salt Lake City No
94%
Salt Lake City No
94%
Salt Lake City No
94%
Salt Lake City No
94%
Salt Lake City No
94%
Salt Lake City No
94%
Phoenix No
92%
Raleigh No
92%
Raleigh No
92%
Raleigh No
92%
Raleigh No
92%
Raleigh No
92%
Raleigh No
92%
Raleigh No
92%
Raleigh No
92%
Raleigh No
92%
Fairbanks No
92%
Fairbanks No
92%
Fairbanks No
92%
Fairbanks No
92%
Fairbanks No
92%
Fairbanks No
92%
Louisville No
92%
Louisville No
92%
San antonio No
92%
San antonio No
92%
Salt Lake City No
92%
Phoenix No
91%
Phoenix No
91%
Raleigh No
91%
Fairbanks No
91%
Fairbanks No
91%
Fairbanks No
91%
Fairbanks No
91%
Fairbanks No
91%
Fairbanks No
91%
Fairbanks No
91%
Fairbanks No
91%
Louisville No
91%
Salt Lake City No
91%
Salt Lake City No
91%
Salt Lake City No
91%
Raleigh No
89%
Raleigh No
89%
Baton Rouge No
89%
Baton Rouge No
89%
Baton Rouge No
89%
Baton Rouge No
89%
Baton Rouge No
89%
Baton Rouge No
89%
Baton Rouge No
89%
San antonio No
89%
Salt Lake City No
89%
Madison No
89%
Madison No
89%
Madison No
89%
Madison No
89%
Madison No
89%
Madison No
89%
Madison No
89%
Madison No
89%
Madison No
89%
Boise No
89%
Boise No
89%
Boise No
89%
Boise No
89%
Boise No
89%
Boise No
89%
Raleigh No
87%
Raleigh No
87%
Baton Rouge No
87%
Baton Rouge No
87%
Baton Rouge No
87%
Baton Rouge No
87%
Baton Rouge No
87%
Baton Rouge No
87%
Louisville No
87%
Wichita No
87%
Wichita No
87%
Wichita No
87%
Wichita No
87%
Wichita No
87%
Wichita No
87%
Wichita No
87%
Madison No
87%
Madison No
87%
Boise No
87%
Boise No
87%
Boise No
87%
Boise No
87%
Boise No
87%
Boise No
87%
Tulsa No
87%
Tulsa No
87%
Tulsa No
87%
Tulsa No
87%
Tulsa No
87%
Tulsa No
87%
Tulsa No
87%
Tulsa No
87%
Tulsa No
87%
Tulsa No
87%
Raleigh No
85%
Fairbanks No
85%
Baton Rouge No
85%
Rochester No
85%
Rochester No
85%
Rochester No
85%
Rochester No
85%
Rochester No
85%
Rochester No
85%
Rochester No
85%
Rochester No
85%
Rochester No
85%
Wichita No
85%
Wichita No
85%
Wichita No
85%
Wichita No
85%
Madison No
85%
Madison No
85%
Tulsa No
85%
Tulsa No
85%
Baton Rouge No
83%
Rochester No
83%
Rochester No
83%
Rochester No
83%
Wichita No
83%
Wichita No
83%
Madison No
83%
Rochester No
81%
Tulsa No
81%
Tulsa No
81%
Wichita No
79%
Rochester No
77%
Rochester No
77%
San antonio No
77%
Wichita No
75%
Fairbanks Yes
72%
Boise No
72%
Raleigh Yes
70%
Baton Rouge Yes
70%
San antonio Yes
70%
Boise No
70%
Phoenix No
62%
Rochester Yes
60%
Phoenix Yes
57%
Wichita Yes
55%
Madison No
51%
Boise No
51%
Louisville No
47%
Salt Lake City No
43%
Louisville Yes
38%
Madison Yes
38%
Salt Lake City Yes
34%
Tulsa No
28%
Tulsa Yes
19%
Boise Yes
15%
No matching quizzes found
Score Distribution
Percent of People with Each Score
Percentile by Number Answered
Your Score History
You have not taken this quiz